Napkelet

Podrobná bibliografia
Ďalší autori: Vahot Imre (Editor), Müller Emil (Tlačiar)
Médium: Seriál
Jazyk:maďarčina
Fyzický popis:29 cm
Predmet:

MARC

LEADER 00000nas a2200000 a 4500
001 vtls012268604
005 20260420151823.0
008 241216d18571862hu wr 0 0hun
015 |a SNBHFB 
040 |a SNK  |b slo  |c SNK  |e AACR2 
041 0 |a hun 
044 |a hu  |c HU 
072 7 |a 316  |x Sociológia  |2 konspekt 
072 7 |a 82  |x Literatúra. Literárny život  |2 konspekt 
072 7 |a 7.01/.09  |x Umenie  |2 konspekt 
080 |a 316.728  |2 2011 
080 |a 82  |2 2011 
080 |a 7.01/.09  |2 2011 
080 |a (051)-048.55  |2 2011 
245 0 0 |a Napkelet 
264 3 |a Pest  |b Müller Emil Könyvnyomdája  |c 1857-[1862] 
300 |c 29 cm 
310 |a 1x týždenne 
336 |a text  |b txt  |2 rdacontent 
337 |a bez média  |b n  |2 rdamedia 
338 |a zväzok  |b nc  |2 rdacarrier 
362 0 |a 1. szám. (1857)-[1862]  |z OSzK/2024 
500 |a Editor: 1857, Vahot Imre 
500 |a V stĺpcoch tlačený text 
500 |a Tematické podnázvy sa menia 
561 |a Proveniencia: pečiatka Dr. E. Kadarász - ver. not. poz. Margity Zayovej Čís. 15078-15120.  |5 SNK ČB 5850/1857 
561 |a Proveniencia: pečiatka Dr. E. Kadarász - ver. not. poz. Margity Zayovej Čís. 15021-15169.  |5 SNK ČB 5850/1858 
650 0 7 |a spoločenský život  |2 SNKPH  |9 28654 
650 0 7 |a literatúra  |2 SNKPH  |9 1427 
650 0 7 |a umenie  |2 SNKPH  |9 1060 
655 7 |a špecializované časopisy  |2 SNKPH  |9 70509 
700 1 |a Vahot Imre  |4 edt  |9 266229 
700 1 |a Müller Emil  |4 prt  |9 266230 
752 |a Maďarsko  |d Budapešť 
852 |a snk  |b Zaiova knižnica: Zay 17404  |p ČB 5850/1857 
852 |a snk  |b Zaiova knižnica: Zay 17405  |p ČB 5850/1858 
958 |a DF 
999 |c 1973  |d 3903 
952 |t Zay 17404  |a SNK  |b SNK  |c SNK_HF  |y PREZ  |7 0  |p 17A1488334  |o snkČB 5850/1857  |i snk2024/18592  |8 5  |0 0  |1 0  |4 0  |d 2024-12-16  |l 0  |r 2026-02-21 22:33:33  |w 2026-02-21 
952 |t Zay 17405  |a SNK  |b SNK  |c SNK_HF  |y PREZ  |7 0  |p 17A1488335  |o snkČB 5850/1858  |i snk2024/18593  |8 5  |0 0  |1 0  |4 0  |d 2024-12-16  |l 0  |r 2026-02-21 22:33:33  |w 2026-02-21